| 000 | 006520000a22001690004500 | ||
|---|---|---|---|
| 700 | 1 |
_aRivera, Hebert Gonzalo _9100678 |
|
| 700 | 1 |
_aVanegas Sarmiento, Raquel _9100679 |
|
| 700 | 1 |
_aMoreno, Pedro _915552 |
|
| 090 | _aSERIADAS | ||
| 100 | 1 |
_aDomínguez Calle, Efraín Antonio _9100680 |
|
| 245 | 1 | 0 | _aRelaciones demanda oferta de agua y el índice de escasez de agua como herramientas de evaluación del recurso hídrico colombiano |
| 690 |
_aRecursos hídricos _992528 |
||
| 041 | 0 | _aEspañol | |
| 044 | _aColombia | ||
| 942 | _cARTICULO | ||
| 773 | 1 |
_tRevista de la Academia Colombiana de Ciencias Exactas, físicas y naturales _h123 _q195-212 _d2008 _g32 |
|
| 999 |
_c16364 _d16364 |
||